Statistics for History Containing the Letter Z

Click here to take the quiz!

General Stats

  • This quiz has been taken 12,922 times
  • The average score is 15 of 20

Answer Stats

HintAnswer% Correct
Name of two English queensElizabeth
94%
Title of the ruler of the Russian empireCzar
92%
Amerindian civilization whose capital was TenochtitlanAztec
91%
Age which came after the Stone Age, but before the Iron Age{Bronze} Age
91%
Originally, the "divine wind" that protected Japan from Mongol invasion.
Later it referred to suicide pilots of WWII.
Kamikaze
90%
Mythical race of warrior womenAmazons
89%
The town in which Jesus was raisedNazareth
89%
These type of people chased Princess Diana in 1997, perhaps leading to her deathPaparazzi
89%
Location where the Great Pyramid was built more than 4500 years agoGiza
87%
Merlin's profession, according to Arthurian legendWizard
86%
Staple crop of the aboveMaize
85%
Last name of Zelda and F. ScottFitzgerald
84%
Mozart was born in this city in 1756Salzburg
69%
Country formed in 1918 which broke into two pieces in 1993Czechoslovakia
67%
Famous Sioux warrior at the Battle of the Little Bighorn{Crazy} Horse
63%
Conquistador who conquered the IncasFrancisco {Pizarro}
58%
1920s con artist who employed a "scheme" to defraud investorsCharles {Ponzi}
50%
Former name of the city of GdanskDanzig
50%
Anti-tank rocket launcher developed by the U.S. in WWIIBazooka
44%
Person who led the government of the Ottoman Empire, underneath the sultanGrand {Vizier}
40%

Score Distribution

Percentile by Number Answered

Percent of People with Each Score

Your Score History

You have not taken this quiz